| 000 | 00507nam a22002057a 4500 | ||
|---|---|---|---|
| 005 | 20170124110255.0 | ||
| 010 | _aA-742615 | ||
| 020 | _c00.00 | ||
| 035 | _aA-742615 | ||
| 037 | _bCen Lib/ Ret | ||
| 040 |
_aDPL _bEN |
||
| 082 |
_aS _bBLY |
||
| 100 |
_aBlyton, Enid _913780 |
||
| 245 |
_aThe twins at St. Clare's _cBY Enid Blyton |
||
| 260 |
_aLondon _bEgmont |
||
| 300 |
_a496p. _c19cm(Hb) |
||
| 650 |
_aLiterature story _9110973 |
||
| 650 |
_aEnglish storey _9110974 |
||
| 942 |
_2ddc _cEN _hS _mBLY |
||
| 999 |
_c136127 _d136127 |
||